000
00264nam a2200097Ia 4500
001
699492
005
20250826162112.0
008
250824s9999 xx 000 0 und d
245
0
_a
İSTANBUL İLK ROMANIMDA LEYLAK/S.İLERİ/EVEREST
_c
SELİM İLERİ
260
_b
EVEREST
999
_c
699492
_d
699492